| 000 | 00436nam a2200157Ia 4500 | ||
|---|---|---|---|
| 999 |
_c19101 _d19101 |
||
| 003 | OSt | ||
| 005 | 20200701101950.0 | ||
| 008 | 190216s9999||||xx |||||||||||||| ||und|| | ||
| 040 | _coclc | ||
| 082 |
_a909 _bDUR/C |
||
| 100 |
_aDurant, Will _92822 |
||
| 245 | 0 |
_aCaesar And Christ / _cWill Durant |
|
| 260 |
_bSimon And Schuster, _c1944. _aNew York: |
||
| 300 | _a752p | ||
| 942 |
_cBK _2ddc _h909 _iDUR/C _k909 _mDUR/C |
||